|
|
|
|
| LEADER |
00000nab a2200000 4500 |
| 001 |
vtls011904526 |
| 003 |
SK-MaSNL |
| 005 |
20260304225244.0 |
| 008 |
191202|2019 xo w||| || ||00 0|slo |
| 040 |
|
|
|e rda
|
| 041 |
|
|
|a slo
|
| 044 |
|
|
|a xo
|c SK
|
| 072 |
|
7 |
|a 502
|x Životné prostredie a jeho ochrana
|2 konspekt
|
| 080 |
|
|
|a 502/504
|2 2011
|
| 100 |
1 |
|
|a Makó, Imrich,
|d 1981-
|4 aut
|9 116505
|
| 245 |
1 |
0 |
|a Odkalisko Poša lavíruje medzi dvoma ministerstvami a zložitou legislatívou
|c Imrich Makó
|
| 300 |
|
|
|b Fotografie
|
| 336 |
|
|
|a text
|b txt
|2 rdacontent
|
| 337 |
|
|
|a bez média
|b n
|2 rdamedia
|
| 338 |
|
|
|a zväzok
|b nc
|2 rdacarrier
|
| 650 |
0 |
7 |
|a životné prostredie
|2 vthk
|9 786
|
| 650 |
0 |
7 |
|a ekologické záťaže
|2 vthk
|9 74778
|
| 650 |
0 |
7 |
|a odkaliská
|2 vthk
|9 833576
|
| 651 |
|
7 |
|a Poša (Slovensko)
|2 vthk
|9 51761
|
| 773 |
0 |
|
|t Vranovské novinky
|g Roč.23, č.47 (2019), s.3
|x 1338-1040
|
| 999 |
|
|
|c 3176513
|d 3178443
|